<?xml version="1.0" encoding="UTF-8"?>
<marc:record xmlns:marc="http://www.loc.gov/MARC21/slim">
   <marc:leader>00000nam a2200000 a 4500</marc:leader>
   <marc:datafield ind1="1" ind2=" " tag="100">
      <marc:subfield code="a">Biran, Yael</marc:subfield>
      <marc:subfield code="4">aut</marc:subfield>
      <marc:subfield code="e">Verfasser/-in</marc:subfield>
   </marc:datafield>
   <marc:datafield ind1="0" ind2="0" tag="245">
      <marc:subfield code="a">Ein Zaun, ein Schaf, ein kleiner Junge und ein großes Problem</marc:subfield>
   </marc:datafield>
   <marc:datafield ind1="0" ind2="0" tag="245">
      <marc:subfield code="c">Biran, Yael</marc:subfield>
   </marc:datafield>
   <marc:datafield ind1=" " ind2="1" tag="264">
      <marc:subfield code="a">Stuttgart</marc:subfield>
      <marc:subfield code="b">Gabriel id Thienemann-Esslinger Verlag GmbH</marc:subfield>
      <marc:subfield code="c">2015</marc:subfield>
   </marc:datafield>
   <marc:datafield ind1="1" ind2=" " tag="520">
      <marc:subfield code="a">Quelle: bn.bibliotheksnachrichten (http://www.biblio.at/literatur/bn/index.html); &#xD;
Autor: Norbert Allmer; &#xD;
Über den Umgang mit Problemen. (ab 4) (JD)&#xD;
Da der kleine Junge nicht einschlafen kann und die Schäfchen zählen will, die sich in seinem Zimmer tummeln, errichtet er im Geiste einen Zaun, den die Schäfchen passieren sollen. Nun ist es an den Schäfchen zu überlegen, wie sie das Hindernis überwinden können. Jedes findet eine für sich passende Methode zur Lösung des Problems. Überspringen, unten durch, die Hürde mit Hilfe eines anderen meistern, dagegenrennen - es gibt so viele Wege. Über all dem schläft der Junge endlich ein.&#xD;
Ein im besten Sinne komisches, lehrreiches und entlarvendes Buch, das im Original bereits 1994 in Israel erschienen ist. Den Text verfasste Yael Biran (Übersetzung Salah Naoura) und die fantastischen Bilder stammen von Günther Jakobs. Ein Kinderbuch? Jawohl, sogar ein sehr lustiges - aber auch ein Spiegel für Erwachsene, um sich besser verstehen zu können.</marc:subfield>
   </marc:datafield>
   <marc:datafield ind1=" " ind2=" " tag="020">
      <marc:subfield code="a">9783522303866</marc:subfield>
      <marc:subfield code="9">9783522303866</marc:subfield>
   </marc:datafield>
   <marc:datafield ind1=" " ind2=" " tag="020">
      <marc:subfield code="a">3522303865</marc:subfield>
      <marc:subfield code="9">3522303865</marc:subfield>
   </marc:datafield>
   <marc:datafield ind1=" " ind2=" " tag="041">
      <marc:subfield code="a">ger</marc:subfield>
   </marc:datafield>
   <marc:datafield ind1=" " ind2=" " tag="300">
      <marc:subfield code="b">überw. Ill. (farb.)</marc:subfield>
   </marc:datafield>
   <marc:datafield ind1=" " ind2=" " tag="338">
      <marc:subfield code="a">Band</marc:subfield>
   </marc:datafield>
   <marc:datafield ind1=" " ind2=" " tag="300">
      <marc:subfield code="a">34 S.</marc:subfield>
   </marc:datafield>
</marc:record>
